| 000 | 00657nam a22002177a 4500 | ||
|---|---|---|---|
| 003 | OSt | ||
| 005 | 20210422062945.0 | ||
| 008 | 201228s2008 ||||| |||| 00| 0 eng d | ||
| 020 | _a9780615195261 | ||
| 040 |
_aeng _beng _cDLC |
||
| 041 | _aeng | ||
| 080 |
_a616-08 _bO-84 |
||
| 100 |
_9621 _aO'shea, Spustek Helen. |
||
| 245 |
_aTeaching Nursing in the Clinical Setting _b: A practical Guide to Clinical Instruction _c/ by: Lullwater Press |
||
| 260 |
_aAtlanta _bLullwater Press _c2008 |
||
| 300 |
_a80 p. _bill. |
||
| 650 | 0 |
_9285 _aPatient Care |
|
| 653 | _aპაციენტის მოვლა | ||
| 700 |
_9622 _aHodgson, Nell |
||
| 942 |
_2udc _cBK |
||
| 999 |
_c818 _d818 |
||